| 000 | 00000nam##2200000za#4500 |
| 001 | 9.580863 |
| 003 | CaOODSP |
| 005 | 20210624191238 |
| 007 | cr ||||||||||| |
| 008 | 150406|2005||||xxc|||||o f|0| 0 eng|d |
| 040 | |aCaOODSP|beng |
| 043 | |an-cn--- |
| 086 | 1 |aRv55-5/11-4-10-2005E-PDF |
| 110 | 2 |aCanada Border Services Agency. |
| 245 | 10|aChina direct shipment condition exemption order |h[electronic resource] |
| 260 | |aOttawa - Ontario : |bCanada Border Services Agency |
| 300 | |a3p. |
| 490 | 1 |aCustoms D memoranda. D11, General tariff information |vD11-4-10, April 19, 2005 |
| 500 | |aSuperseded Memoranda "D" – D11-4-10, January 1, 1988. |
| 590 | |a14-17-Supp|b2014-10-09 |
| 776 | 0#|tChina direct shipment condition exemption order |w(CaOODSP)9.541318 |
| 776 | 0#|tDécret d'exemption de la condition d'expédition directe (Chine) |w(CaOODSP)9.541319 |
| 830 | #0|aCustoms D memoranda. D11, General tariff information ;|vD11-4-10, April 19, 2005|w(CaOODSP)9.816825 |
| 856 | 40|ahttp://publications.gc.ca|qPDF|s236 KB|uhttps://publications.gc.ca/collections/collection_2014/asfc-cbsa/Rv55-5-11-4-10-2005-eng.pdf|yD11-4-10, April 19, 2005 |